00365 a2200109 4500001000900000005001700009008004100026245007300067100002200140773007600162999001700238ART_863720260410161834.0260409a 10aHipótesis subyacentes y comentarios sobre la programación lineal1 aBonatti, Patricia0 tContabilidad y administracióng- Año 3, Nº 29 (nov. 1979)wREV5485 c23464d23464